000 00593nam a2200229Ia 4500
003 OSt
005 20221007080714.0
006 a|||||r|||| 00| 0
007 ta
008 221006b |||||||| |||| 00| 0 eng d
024 _a29,839
037 _cTextual
040 _aFLL
_cFLL
_beng
041 _2eng
_aeng
082 _aZ:91, E2
100 _aBerolzheimer Fritz
_9695296
245 0 _aLegal philosophies
260 _aNew York
_bAugustus M. Kelley New
_c1912
300 _aliv,490p
_ccm.
942 _hZ:91, E2
_cTEXL
_2CC
999 _c1160611
_d1160611